|
|
|
|
| LEADER |
00000nab a2200000 a 4500 |
| 001 |
vtls008932577 |
| 003 |
SK-MaSNL |
| 005 |
20260304135141.0 |
| 008 |
250505c2006 xo |||||||||||000 b|slo |
| 015 |
|
|
|a SNBRB2007/01
|2 snkbucl
|
| 035 |
|
|
|a (uuid)66ea5585-35be-4252-8371-4f71d8c1dace
|
| 035 |
|
|
|a urn:nbn:sk:snk-abc18d
|
| 035 |
|
|
|a (urnnbn)urn:nbn:sk:snk:ar-001dej
|
| 038 |
|
|
|a SNKBUCL
|
| 040 |
|
|
|a SNKBUCL
|b slo
|c SNKBUCL
|e AACR2
|
| 041 |
0 |
|
|a slo
|
| 044 |
|
|
|a xo
|c SK
|
| 080 |
|
|
|a 658.78:339.372.84
|x (437.6)
|2 2001
|
| 080 |
|
|
|a 005.51
|2 2001
|
| 080 |
|
|
|a 005.932
|2 2001
|
| 080 |
|
|
|a 339.372.84
|2 2001
|
| 080 |
|
|
|a 339.173
|2 2001
|
| 100 |
1 |
|
|a Gérer, Anton
|4 aut
|9 268338
|
| 245 |
1 |
0 |
|a Veľkosklad v Trnave s unikátnym riešením svojej doby
|c Anton Gérer, Branislav Bložon
|
| 300 |
|
|
|b Obr.
|
| 610 |
2 |
7 |
|a COOP Jednota (Slovensko)
|2 snkbucl
|9 267215
|
| 650 |
0 |
7 |
|a skladové hospodárstvo
|2 snkbucl
|9 69646
|
| 650 |
0 |
7 |
|a riadenie
|2 snkbucl
|9 924
|
| 650 |
0 |
7 |
|a logistika (manažment)
|2 snkbucl
|9 3620
|
| 650 |
0 |
7 |
|a veľkosklady
|2 snkbucl
|9 1017343
|
| 651 |
|
7 |
|a Trnava (Slovensko)
|2 snkbucl
|9 19407
|
| 700 |
1 |
|
|a Bložon, Branislav
|4 aut
|9 1078384
|
| 773 |
0 |
|
|t AT&P journal
|g Roč. XIII, č. 9 (2006), s. 10-11
|x 1335-2237
|
| 850 |
|
|
|a Slovenská národná knižnica
|
| 852 |
|
|
|a Slovenská národná knižnica
|
| 954 |
|
|
|a odborná, vedecká literatúra pôvodná (slovenská)
|2 lita
|
| 958 |
|
|
|a article15
|
| 958 |
|
|
|a OND
|
| 958 |
|
|
|a SK
|
| 958 |
|
|
|a EUIPO
|
| 999 |
|
|
|c 2909652
|d 2911582
|